Normal view
MARC view
- Ayala Salazar, Thania Cristal
Entry Nombre Personal
001 - NUMERO DE CONTROL
- campo de control: 48831
003 - IDENTIFICADOR DE NUMERO DE CONTROL
- campo de control: UPN
005 - FECHA Y HORA DE LA ÜLTIMA TRANSACCIÓN
- campo de control: 20230509125747.0
008 - DATOS DE LONGITUD FIJA
- campo de control de longitud fija: 230509nn acnnnaabn a aaa d
040 ## - FUENTE DE CATALOGACIÓN
- Agencia original de catalogación: MX-MxUPN
- Lenguaje de catalogación: spa
100 1# - ENCABEZAMIENTO - NOMBRE PERSONAL
- Nombre personal: Ayala Salazar, Thania Cristal
400 1# - VEÁSE - NOMBRE DE PERSONA
- Personal name: Salazar, Thania Cristal Ayala
670 ## - FUENTE EN LA QUE SE LOCALIZARON DATOS
- Cita de la fuente: Baja California, 2012:
- Información localizada: reverso de la portada (Thania Cristal Ayala Salazar)
902 ## - CATALOGADOR
- Catalogador: VíctorGodínez/090523
